| 000 | 02096cam a22002537a 4500 | ||
|---|---|---|---|
| 003 | MX-MxUPN | ||
| 005 | 20260416084543.0 | ||
| 008 | 241212s2021 mx| |||fr|||| 00| 0 spa d | ||
| 020 | _a9786073043892 | ||
| 040 |
_aMX-MxUPN _bspa |
||
| 041 | 0 | _aspa | |
| 050 | 4 |
_aHQ65.5 M6 _bG46 2021 |
|
| 245 | 0 | 0 |
_aGénero y sexualidad en disputa : _bdesigualdades en el derecho a decidir sobre el propio cuerpo desde el campo médico |
| 260 |
_aCiudad de México : _bUniversidad Nacional Autónoma de México, Instituto de Investigaciones Sociales , _c2021 |
||
| 300 | _a323 páginas | ||
| 505 | 0 |
_tA manera de introducción : problematizar el derecho a decidir sobre el propio cuerpo / _rKarina Bárcenas Barajas. -- _tHacia una sociología de la anticoncepción forzada en México / _rRoberto Castro. -- _tLo "natural" es político : experiencias sobre la lactancia materna en Ciudad de México y Morelos / _rAna Paulina Gutiérrez Martínez. -- _tLa vacunación contra el virus de papiloma humano en México : un ejemplo de medicalización / _rErika Pérez Domínguez. -- _tConstrucción de género y prevención de embarazo en adolescentes / _rArmando Javier Díaz Camarena. -- _tUn paso atrás, dos adelante : las luchas lésbico, gay, bisexual, trans, y el ascenso del neoliberalimso / _rMauricio List Reyes. -- _tBarreras subjetivas en el proceso de devenir autónomas : una aproximación feminista-interseccional / _rTania Esmeralda Rocha Sánchez. -- _tNarrativas y experiencias emocionales : la intersección de la experiencia, la narración y el discurso como acercamiento a las emociones de hombres gay / _rIgnacio Lozano-Verduzco. -- _tEl barco como institución total : prácticas de género en pescadores de altamar / _rCarolina Peláez González. |
|
| 650 | 7 |
_aDerechos sexuales _zMéxico _925205 |
|
| 650 | 4 |
_aDerechos reproductivos _zMéxico _925521 |
|
| 650 | 4 |
_aSalud mental _zMéxico _922898 |
|
| 700 | 1 |
_aBárcenas Barajas, Karina B. _q(Karina Berenice) _955361 _ecoordinación |
|
| 902 |
_aMarisolLicea/12122024 _bVíctorGodínez/150426 |
||
| 942 |
_2lcc _cLIBRO |
||
| 999 |
_c212314 _d212314 |
||